IIIº Jornadas argentinas sobre catálisis : resúmenes de las contribuciones presentadas. San Luis, 18 al 22 de septiembre de 1983 /
Guardado en:
| Autores Corporativos: | , , |
|---|---|
| Formato: | Libro |
| Idioma: | Spanish |
| Publicado: |
San Luis, Argentina :
CONACA,
1983.
|
| Materias: | |
| Etiquetas: |
Agregar Etiqueta
Sin Etiquetas, Sea el primero en etiquetar este registro!
|
| LEADER | 01039nam a22002055a 4500 | ||
|---|---|---|---|
| 001 | EIQ.libpla000773 | ||
| 008 | 060522s1983####ag#######b####101#0#spa#d | ||
| 005 | 20060522194220.0 | ||
| 245 | 1 | 0 | |a IIIº Jornadas argentinas sobre catálisis : |b resúmenes de las contribuciones presentadas. San Luis, 18 al 22 de septiembre de 1983 / |c Comite Nacional de Catálisis (CONACA), Instituto de Investigaciones para la Industria Química (INIQUI). |
| 260 | |a San Luis, Argentina : |b CONACA, |c 1983. | ||
| 300 | |a 1v. (en varias paginaciones) ; |c 25 cm. | ||
| 500 | |a "En adhesión al XXV aniversario del Conicet". | ||
| 504 | |a Incluye referencias bibliográficas e índice. | ||
| 111 | 2 | |a Jornadas Argentinas sobre Catálisis |n (3º : |d 1983 : |c San Luis, Argentina) | |
| 710 | 2 | |a Comite Nacional de Catálisis (CONACA). | |
| 710 | 2 | |a Instituto de Investigaciones para la Industria Química (INTEQUI) | |
| 650 | 4 | |a Catálisis |x Congresos. | |
| 650 | 4 | |a Catalysis |x Congresses. | |
| 040 | |a AR-BbSID |b spa |c AR-BbSID | ||
| 859 | |a AR-BbSID |b BIB. PLAPIQUI |h 541.395 |i J 769 |p 2405 | ||
